|
|
|
|
| LEADER |
01069nam a22002892a 4500 |
| 001 |
000106806 |
| 003 |
CZ BrMZK |
| 005 |
20200304110041.0 |
| 007 |
ta |
| 008 |
950101s1981 xr f cze d |
| 015 |
|
|
|a cnb000254553
|
| 035 |
|
|
|a (OCoLC)85271446
|
| 040 |
|
|
|a ABA001
|b cze
|c ABA001
|d ABA001
|d BOA001
|
| 080 |
9 |
|
|a 615.9+614.8] :54(075.8)
|
| 100 |
1 |
|
|a Bardoděj, Zdeněk,
|d 1924-2008
|7 jk01010748
|4 aut
|
| 245 |
1 |
0 |
|a Toxikologie a bezpečnost práce v chemii /
|c Zdeněk Bardoděj, Jan Šrogl, Jiří Urban
|
| 250 |
|
|
|a 7., opravené vyd., (ve VŠCHT Pardubice 2. vyd.)
|
| 260 |
|
|
|a Pardubice :
|b Vysoká škola chemicko-technologická,
|c 1981
|
| 300 |
|
|
|a 48 s. :
|b il. ;
|c 4°
|
| 500 |
|
|
|a 1150 výt.
|
| 521 |
8 |
|
|a Určeno pro posl. VŠCHT Pardubice a VŠCHT Praha
|
| 700 |
1 |
|
|a Šrogl, Jan,
|d 1927-1985
|7 mzk2009544513
|4 aut
|
| 700 |
1 |
|
|a Urban, Jiří,
|d 1937-
|7 jn20000402456
|4 aut
|
| 910 |
|
|
|a BOA001
|b X2-0789.002-81
|
| 990 |
|
|
|a BK
|
| 991 |
|
|
|b 201911
|
| 996 |
6 |
|
|b 2619998902
|c X2-0789.002-81
|l MZK
|r Sklad / do 24 hodin
|n 2
|w 000106806
|u 000010
|a 1
|e BOA001
|j MZK50
|s P
|